HSL - laattavalinta - Statistics

Yleistilastot
  • Tätä visaa on pelattu 146 kertaa
  • Keskiarvotulos 55 / 73
Vastaustilastot
Kysymys Laatta Select % Oikein
HSL:n jäsenkunnat Vantaa Kyllä
100%
HSL:n jäsenkunnat Helsinki Kyllä
99%
HSL:n jäsenkunnat Espoo Kyllä
98%
HSL:n jäsenkunnat Kerava Kyllä
94%
HSL:n jäsenkunnat Porvoo Ei
94%
HSL:n lähijunaliikenteen linjat V Ei
94%
HSL:n lähijunaliikenteen linjat F Ei
93%
HSL:n metropysäkit Kalasatama Kyllä
93%
HSL:n jäsenkunnat Pornainen Ei
91%
HSL:n metropysäkit Rautatientori Kyllä
91%
HSL:n lähijunaliikenteen linjat B Ei
90%
HSL:n metropysäkit Hakaniemi Kyllä
90%
HSL:n lähijunaliikenteen linjat J Ei
90%
HSL:n jäsenkunnat Kauniainen Kyllä
90%
HSL:n metropysäkit Nöykkiö Ei
90%
HSL:n lähijunaliikenteen linjat C Ei
89%
HSL:n jäsenkunnat Inkoo Ei
89%
HSL:n metropysäkit Lauttasaari Kyllä
89%
HSL:n jäsenkunnat Mäntsälä Ei
89%
HSL:n metropysäkit Mellunmäki Kyllä
89%
HSL:n metropysäkit Töölö Ei
88%
HSL:n metropysäkit Hanasaari Ei
87%
HSL:n metropysäkit Matinkylä Kyllä
87%
HSL:n metropysäkit Katajanokka Ei
86%
HSL:n jäsenkunnat Kirkkonummi Kyllä
86%
HSL:n lähijunaliikenteen linjat N Ei
85%
HSL:n metropysäkit Tapiola Kyllä
85%
HSL:n metropysäkit Vartiokylä Ei
85%
HSL:n metropysäkit Pasila Ei
84%
HSL:n lähijunaliikenteen linjat I Kyllä
83%
HSL:n jäsenkunnat Hyvinkää Ei
82%
HSL:n runkobussien päätepysäkit Kauniainen Ei
82%
HSL:n lähijunaliikenteen linjat S Ei
82%
HSL:n metropysäkit Siilitie Kyllä
82%
HSL:n metropysäkit Leppävaara Ei
81%
HSL:n runkobussien päätepysäkit Jupperi Ei
80%
HSL:n lähijunaliikenteen linjat P Kyllä
80%
HSL:n lähijunaliikenteen linjat K Kyllä
79%
HSL:n runkobussien päätepysäkit Itäkeskus Kyllä
77%
HSL:n runkobussien päätepysäkit Keinutie 6 Ei
77%
HSL:n runkobussien päätepysäkit Latokartano Ei
77%
HSL:n jäsenkunnat Nurmijärvi Ei
77%
HSL:n lähijunaliikenteen linjat A Kyllä
76%
HSL:n runkobussien päätepysäkit Jollas Ei
76%
HSL:n runkobussien päätepysäkit Kirkkonummi Ei
74%
HSL:n runkobussien päätepysäkit Kauppatori Ei
73%
HSL:n runkobussien päätepysäkit Espoon keskus Kyllä
72%
HSL:n runkobussien päätepysäkit Kerava Ei
72%
HSL:n nykyiset ja suunnitteilla olevat pikaraitiotiet Raide-Jokeri 3 Ei
72%
HSL:n lähijunaliikenteen linjat U Kyllä
72%
HSL:n metropysäkit Finnoo Kyllä
70%
HSL:n runkobussien päätepysäkit Elielinaukio Kyllä
69%
HSL:n nykyiset ja suunnitteilla olevat pikaraitiotiet Itäväylän pikaraitiotie Ei
68%
HSL:n runkobussien päätepysäkit Kivistö Ei
68%
HSL:n jäsenkunnat Tuusula Kyllä
68%
HSL:n jäsenkunnat Sipoo Kyllä
67%
HSL:n runkobussien päätepysäkit Myyrmäki Kyllä
66%
HSL:n lähijunaliikenteen linjat E Kyllä
65%
HSL:n runkobussien päätepysäkit Lentoasema Kyllä
64%
HSL:n jäsenkunnat Järvenpää Ei
63%
HSL:n runkobussien päätepysäkit Matinkylä Kyllä
63%
HSL:n lähijunaliikenteen linjat Y Kyllä
63%
HSL:n nykyiset ja suunnitteilla olevat pikaraitiotiet Pikaraitiotie 15 (Raide-Jokeri 1) Kyllä
62%
HSL:n jäsenkunnat Siuntio Kyllä
58%
HSL:n nykyiset ja suunnitteilla olevat pikaraitiotiet Matinkylän-Leppävaaran pikaraitiotie Ei
57%
HSL:n nykyiset ja suunnitteilla olevat pikaraitiotiet Vantaan pikaraitiotie Kyllä
55%
HSL:n lähijunaliikenteen linjat X Ei
54%
HSL:n nykyiset ja suunnitteilla olevat pikaraitiotiet Raide-Jokeri 2 Kyllä
48%
HSL:n lähijunaliikenteen linjat L Kyllä
47%
HSL:n nykyiset ja suunnitteilla olevat pikaraitiotiet Viikin-Malmin pikaraitiotie Kyllä
39%
HSL:n nykyiset ja suunnitteilla olevat pikaraitiotiet Vihdintien pikaraitiotie Kyllä
33%
HSL:n runkobussien päätepysäkit Pelimannintie 23 Kyllä
24%
HSL:n nykyiset ja suunnitteilla olevat pikaraitiotiet Tuusulanbulevardin pikaraitiotie Kyllä
20%
Ehtoja vastaavia visoja ei löytynyt
Tulosjakauma
Jokaisen tuloksen saaneiden osuus
Persentiili vastausten määrän mukaan
Tuloshistoriasi
Et ole pelannut tätä visaa